| 000 | 00376nam a2200133Ia 4500 | ||
|---|---|---|---|
| 008 | 230917s9999||||xx |||||||||||||| ||und|| | ||
| 040 |
_e89404 _aMAIN |
||
| 041 | _aEnglish | ||
| 082 | _a370.15 T155S | ||
| 100 | _aTaneja, Navita | ||
| 245 | 0 | _aStudy of adolescent's reaction to frustration at different socio-economic status and mental levels | |
| 300 | _a82 p. | ||
| 942 | _cTH | ||
| 999 |
_c87015 _d87015 |
||